000 00533nam a2200205Ia 4500
005 20250923150041.0
008 008 250917s9999 xx 000 0 eng d
037 _aTextual
040 _aDSWL
_beng
_cDSWL
041 _aeng
_2eng
084 _qDSWL
100 _aGarg, Ajay
_9841681
245 4 _aThe employee's state insurance act 1948
_c by Ajay Garg
260 _aDelhi
_bUniversal Book traders
_c2000
300 _a161p.
365 _aINR
_bRs 80
925 _gRs 80
942 _cTEXL
999 _c1458991
_d1458991